| 000 | 00512nam a2200145Ia 4500 | ||
|---|---|---|---|
| 008 | 140724s9999 xx 000 0 und d | ||
| 050 |
_aQA 76.9.T43 _b.V732 2013 |
||
| 100 | _aVillegas, Adrian Niccollo A. | ||
| 245 |
_aHelp desk system for Pivotal Technologies Inc. / _cAdrian Niccollo A. Villegas. |
||
| 260 |
_aLas PiƱas, Philippines : _bSouthville International School and Colleges, _cc2013. |
||
| 300 |
_a92 p. : _bcol. ill. ; _c28 cm. |
||
| 521 | _aInformation Technology | ||
| 942 | _cTH | ||
| 999 |
_c229193 _d229193 |
||